LEADER 00752nam a2200205 i 4500 001 000000179752 003 CaOOAMICUS 005 20090522000000.0 008 090522s1961 it u000 u fre u 013 $a157358 040 $aSeMil$bita 245 10$a2.2. 260 $aMilano :$bMarzorati,$c1961. 300 $aXI, P. 818-1654 p. ;$c26 cm. 773 0 $tGrands courants de la pensée mondiale contemporaine.$dMilano : Marzorati $g2$w()20687 773 0 $tTendances principales.$dMilano : Marzorati, 1961.$g2$w()21390 850 $aSeMil 852 $aSeMil$W1$xVenegono$y1$m2Q IV 168$j130512$B130512$CSeMilBibl$Z2$F141950 $81 996 $6245$a2.2$9(OLS)http://semarc/title/107556 996 $6260$aMilano :$bMarzorati$9(OLS)http://semarc/publisher/29683 LEADER 01121nam a2200265 i 4500 001 000000117051 003 CaOOAMICUS 005 20030709000000.0 008 030709s1987 it u000 u ita u 013 $a89740 040 $aSeMil$bita 100 1 $aPhilippe, Pierre Paul,$c.$0(OLS)http://semarc/name/28059 245 13$aLa Vergine Maria e il Sacerdozio /$cPierre Paul Philippe. 260 $aSiena :$bCantagalli,$c1987. 300 $a174 p. ;$c21 cm. 490 0 $aQuaderni di spiritualità eucaristica ;$v36 500 $aIn mezzo al front. : All'Alma Madre del Redentore nell'Anno Mariano. - Fondo Card. C.M. Martini. 650 4$aMadonna e sacerdozio.$0(OLS)http://semarc/subject/17343 830 0$aQuaderni di spiritualità eucaristica ;$v36.$0(OLS)http://semarc/title/12806 850 $aSeMil 852 $aSeMil$W1$xVenegono$y1$m2L I 325$j72451$B72451$CSeMilBibl$Z2$F85434 $81 941 1 $a4 961 $aOmaggio: Martini Card. Carlo Maria 996 $6245$aLa Vergine Maria e il Sacerdozio$9(OLS)http://semarc/title/171765 996 $6260$aSiena :$bCantagalli$9(OLS)http://semarc/publisher/29767